The best laid plans (Record no. 71747)

MARC details
000 -LEADER
fixed length control field 01221cam a2200253 4500
001 - CONTROL NUMBER
control field ABS66280
008 - FIXED-LENGTH DATA ELEMENTS--GENERAL INFORMATION
fixed length control field 021211n2002 000 0 eng u
035 ## - SYSTEM CONTROL NUMBER
System control number (Sirsi) u120736
100 ## - MAIN ENTRY--PERSONAL NAME
Personal name Edwards, Martin
245 #4 - TITLE STATEMENT
Title The best laid plans
260 ## - PUBLICATION, DISTRIBUTION, ETC.
Date of publication, distribution, etc. 2002
490 ## - SERIES STATEMENT
Series statement Estates Gazette
Volume/sequential designation (0245) 9 November 2002, 151(1)
520 ## - SUMMARY, ETC.
Summary, etc. Warns that three recent HL decisions may mean developers should be wary of third-party challenges, particularly those coming from local amenity groups and individuals. Governments' planning green paper appeared to emphasise developer/planning authority relationship, but pressure groups have recently begun to bring effective challenges to planning decisions. Concludes planning lawyers must understand public law principles and their effect on decisions.
590 ## - LOCAL NOTE (RLIN)
Local note ABS
650 ## - SUBJECT ADDED ENTRY--TOPICAL TERM
Topical term or geographic name entry element R V SOS ENVIRONMENT EX P KENT CC
650 ## - SUBJECT ADDED ENTRY--TOPICAL TERM
Topical term or geographic name entry element R V REPROTECH (PEBSHAM) LTD EX P EAST SUSSEX CC
650 ## - SUBJECT ADDED ENTRY--TOPICAL TERM
Topical term or geographic name entry element R V HAMMERSMITH AND FULHAM LBC EX P BURKETT
650 ## - SUBJECT ADDED ENTRY--TOPICAL TERM
Topical term or geographic name entry element R V SOUTH CAMBRIDGESHIRE DC EX P KIDES
650 ## - SUBJECT ADDED ENTRY--TOPICAL TERM
Topical term or geographic name entry element COGHURST WOOD LEISURE LTD V SOS LOCAL GOVERNMENT
650 ## - SUBJECT ADDED ENTRY--TOPICAL TERM
Topical term or geographic name entry element THIRD PARTIES
690 ## - LOCAL SUBJECT ADDED ENTRY--TOPICAL TERM (OCLC, RLIN)
Topical term or geographic name as entry element Planning and development
9 (RLIN) 6259
700 ## - ADDED ENTRY--PERSONAL NAME
Personal name Martin, J
942 ## - ADDED ENTRY ELEMENTS (KOHA)
Suppress in OPAC 0
Holdings
Withdrawn status Lost status Source of classification or shelving scheme Damaged status Not for loan Home library Current library Shelving location Date acquired Total Checkouts Full call number Barcode Date last seen Copy number Price effective from Koha item type
    Dewey Decimal Classification     London London Journal article 11/12/2002   ABS66280 120736-1001 06/08/2019 1 06/08/2019 Journal article